Click the Time Zone - US Cities - Statistics

General Stats
  • This quiz has been taken 243 times
  • The average score is 16 of 23
Answer Stats
Hint Answer % Correct
San Diego
Pacific
UTC−08:00
93%
San Francisco
Pacific
UTC−08:00
93%
Denver
Mountain
UTC−07:00
90%
Minneapolis
Central
UTC−06:00
90%
Salt Lake City
Mountain
UTC−07:00
89%
Chicago
Central
UTC−06:00
89%
Atlanta
Eastern
UTC−05:00
87%
Dallas
Central
UTC−06:00
82%
Tallahassee
Eastern
UTC−05:00
80%
Spokane
Pacific
UTC−08:00
77%
Boise
Mountain
UTC−07:00
74%
Phoenix
Mountain
UTC−07:00
70%
Gary
Central
UTC−06:00
68%
Sioux Falls
Central
UTC−06:00
66%
Bismarck
Central
UTC−06:00
63%
Nashville
Central
UTC−06:00
62%
Cincinnati
Eastern
UTC−05:00
62%
El Paso
Mountain
UTC−07:00
59%
Detroit
Eastern
UTC−05:00
57%
Birmingham
Central
UTC−06:00
55%
Las Vegas
Pacific
UTC−08:00
51%
Louisville
Eastern
UTC−05:00
44%
Indianapolis
Eastern
UTC−05:00
42%
No matching quizzes found
Score Distribution
Percent of People with Each Score
Percentile by Number Answered
Your Score History
You have not taken this quiz